000 00394 a2200169 4500
001 72123
020 _a8532217796
040 _cAnchieta - Colégio São Paulo
100 _aGuerra, Sônia dos Santos
240 1 0 _aAs descobertas de Zasp
_lpor
245 1 0 _aAs descobertas de Zasp
300 _a36
362 0 _a1996
440 1 _aFTD
650 4 _aLiteratura infanto-juvenil
942 _cBK
999 _c72123
_d72123